Informe sobre la actividad cafetalera en el país
Збережено в:
| Співавтор: | |
|---|---|
| Формат: | Текст |
| Опубліковано: |
San José:
Oficina del Café
|
| Теги: |
Додати тег
Немає тегів, Будьте першим, хто поставить тег для цього запису!
|
MARC
| LEADER | 00000 a a2200000 04500 | ||
|---|---|---|---|
| 001 | 23268 | ||
| 003 | |||
| 040 | |||
| 090 | |a 160400 | ||
| 110 | |a Oficina del Café | ||
| 245 | |a Informe sobre la actividad cafetalera en el país | ||
| 260 | |a San José: |b Oficina del Café | ||
| 300 | |a 130 p. | ||
| 999 | |c 1592 |d 1592 | ||
